Informe de la Comisión Inspectora de viveros y plantaciones de vides americanas creada por la Excma. Diputación de esta Provincia con acuerdo de 3 de febrero de 1892
Descripción Física:
24 p. ; 26 cm
Materias:
Viticultura
MARC
| LEADER | 00000nam a2200000Ia 4500 | ||
|---|---|---|---|
| 001 | 22867 | ||
| 008 | 160829s1892 xx 000 0 cat d | ||
| 080 | |a 1945, exp. 8 bis | ||
| 100 | |a Comisión Inspectora de Viveros y Plantaciones de Vides Americanas (Barcelona) |9 48412 | ||
| 245 | |a Informe de la Comisión Inspectora de viveros y plantaciones de vides americanas creada por la Excma. Diputación de esta Provincia con acuerdo de 3 de febrero de 1892 | ||
| 260 | |a Barcelona : |b Tipografía de la Casa Provincial de Caridad, |c 1892 | ||
| 300 | |a 24 p. ; |c 26 cm | ||
| 590 | |a A la portada: Publicado por la referida Corporación Provincial en cumplimiento de lo dispuesto en el citado acuerdo | ||
| 650 | 0 | |a Viticultura |9 20101 | |
| 710 | 1 | |a Barcelona (Catalunya : Província). |b Diputació |9 52408 | |
| 901 | |a Arxiu | ||
| 942 | |n 1 | ||
| 952 | |0 0 |1 0 |4 0 |6 1945_EXP_8_BIS |7 1 |9 54529 |a Arxiu |b Arxiu |d 2016-12-01 |l 0 |o 1945, exp. 8 bis |p 22867 |r 2016-12-01 00:00:00 |w 2016-12-01 |y ARXIU | ||
| 999 | |c 58398 |d 58398 | ||